00587nam a2200169 a 4500008004100000050002000041100002300061245001900084260004000103300001000143350000900153650002100162650002000183995007800203999001700281952011900298120416s1970 ||||||||||||||||| || u aPR 9199.3.O31C5 aO'Connell, Dorothy10aChicklet Gomez aOttawa:bDeneau and Greenbergc197? a150p. a0.00 aENGLISH LANGUAGE aENGLISH FICTION D0.00FCBU-MAIN LIBRARY (Kitwe)H1I0.00M1UAVAILABLEZFiction Collection c37253d37253 00102lcc4070a001b001cFiction Collectiond2022-11-30l0oPR 9199.3.O31C5p010563r2022-11-30w2022-11-30y002